| 000 | 00490nam a2200229Ia 4500 | ||
|---|---|---|---|
| 003 | IT-RoPAU | ||
| 008 | 120407s9999 xx 000 0 und d | ||
| 040 | _aIT-RoPAU | ||
| 040 | _cIT-RoPAU | ||
| 041 | _afra | ||
| 100 | _aEvode Beaucamp | ||
| 245 | _aLa Bible et le sens religieux de l’univers | ||
| 250 | _aParis | ||
| 260 | _aDu Cerf | ||
| 260 | _c1959 | ||
| 300 | _a219 p. | ||
| 300 | _c22,5 cm | ||
| 490 | _aLectio Divina | ||
| 490 | _v1 | ||
| 942 | _cBK | ||
| 999 |
_c29167 _d29167 |
||